Top 7 biggest armies of each continent - Statistics

General Stats
  • This quiz has been taken 53 times
  • The average score is 39 of 46
Answer Stats
Hint Answer % Correct
67.4K Canada
98%
216K Mexico
98%
1.1M Russia
98%
72.1K Argentina
95%
366.5K Brazil
95%
77.2K Chile
95%
438.5K Egypt
95%
270K France
95%
165.5K Italy
95%
144.4K United Kingdom
95%
1.3M United States of America
95%
2.035M China
93%
257.4K Colombia
93%
183.5K Germany
93%
610K Iran
93%
193K Iraq
93%
123K Venezuela
93%
49K Cuba
91%
257K Saudi Arabia
91%
40.2K Ecuador
89%
1.47M India
89%
81K Peru
89%
134.2K Democratic Republic of the Congo
86%
169.5K Israel
86%
143K Nigeria
86%
355.2K Turkey
86%
800K Ukraine
86%
58.6K Australia
84%
18K Guatemala
84%
9K New Zealand
84%
503K Ethiopia
82%
1.28M North Korea
82%
404.5K Indonesia
80%
660K Pakistan
80%
195.8K Morocco
77%
500K South Korea
77%
169K Syria
77%
3.5K Fiji
75%
14.9K Honduras
73%
100.5K Jordan
73%
450K Vietnam
73%
56K Dominican Republic
70%
142.7K Greece
70%
3.6K Papua New Guinea
66%
301.7K Eritrea
48%
185K South Sudan
30%
No matching quizzes found
Score Distribution
Percent of People with Each Score
Percentile by Number Answered
Your Score History
You have not taken this quiz